[Event "DVM U20 2023"]
[Site "Magdeburg GER"]
[Date "2023.12.27"]
[Round "1"]
[White "Matthäi, Jakob"]
[Black "Weidemann, Jakob"]
[Result "1/2-1/2"]
[Termination "normal"]
[Board "3.1"]
[WhiteElo "2076"]
[BlackElo "2114"]
[WhiteClock "00:15:53"]
[BlackClock "00:10:27"]
[WhiteTeam "USG Chemnitz"]
[BlackTeam "SK Münster 32"]
[PlyCount "137"]
[WhiteFideId "16240421"]
[BlackFideId "16255470"]
[EventCountry "GER"]
[EventRounds "7"]
[EventType "team-swiss"]
[EventDate "2023.12.26"]

1. e4 {[%clk 01:30:56]} {[%emt 00:00:03]} c5 {[%clk 01:30:50]} {[%emt
00:00:10]} 2. Nf3 {[%clk 01:31:21]} {[%emt 00:00:06]} d6 {[%clk 01:31:11]}
{[%emt 00:00:09]} 3. d4 {[%clk 01:31:46]} {[%emt 00:00:05]} cxd4 {[%clk
01:31:32]} {[%emt 00:00:09]} 4. Qxd4 {[%clk 01:32:13]} {[%emt 00:00:04]} Nf6
{[%clk 01:31:35]} {[%emt 00:00:27]} 5. Nc3 {[%clk 01:30:00]} {[%emt 00:02:42]}
Nc6 {[%clk 01:30:24]} {[%emt 00:01:41]} 6. Bb5 {[%clk 01:29:47]} {[%emt
00:00:44]} Bd7 {[%clk 01:28:11]} {[%emt 00:02:42]} 7. Bxc6 {[%clk 01:28:49]}
{[%emt 00:01:29]} Bxc6 {[%clk 01:27:59]} {[%emt 00:00:41]} 8. Bg5 {[%clk
01:26:35]} {[%emt 00:02:45]} e6 {[%clk 01:26:41]} {[%emt 00:01:47]} 9. O-O
{[%clk 01:20:38]} {[%emt 00:06:28]} Be7 {[%clk 01:26:37]} {[%emt 00:00:32]} 10.
Rad1 {[%clk 01:19:53]} {[%emt 00:01:16]} Qc7 {[%clk 01:25:38]} {[%emt
00:01:28]} 11. Rfe1 {[%clk 01:18:30]} {[%emt 00:01:54]} O-O {[%clk 01:07:23]}
{[%emt 00:18:45]} 12. h3 {[%clk 01:10:06]} {[%emt 00:08:54]} Rfd8 {[%clk
01:06:06]} {[%emt 00:01:48]} 13. Qe3 {[%clk 01:09:15]} {[%emt 00:01:21]} b5
{[%clk 00:57:44]} {[%emt 00:08:52]} 14. Nd4 {[%clk 01:02:09]} {[%emt 00:07:36]}
Qb7 {[%clk 00:56:01]} {[%emt 00:02:12]} 15. f3 {[%clk 00:55:55]} {[%emt
00:06:45]} Rac8 {[%clk 00:51:11]} {[%emt 00:05:20]} 16. Nce2 {[%clk 00:49:34]}
{[%emt 00:06:51]} b4 {[%clk 00:49:16]} {[%emt 00:02:25]} 17. Rd2 {[%clk
00:38:17]} {[%emt 00:11:47]} Rc7 {[%clk 00:46:40]} {[%emt 00:03:06]} 18. c4
{[%clk 00:33:42]} {[%emt 00:05:06]} bxc3 {[%clk 00:45:43]} {[%emt 00:01:27]}
19. Nxc3 {[%clk 00:33:48]} {[%emt 00:00:24]} h6 {[%clk 00:34:37]} {[%emt
00:11:36]} 20. Bh4 {[%clk 00:26:55]} {[%emt 00:07:23]} Ng4 {[%clk 00:33:44]}
{[%emt 00:01:23]} 21. hxg4 {[%clk 00:26:50]} {[%emt 00:00:35]} Bxh4 {[%clk
00:34:04]} {[%emt 00:00:09]} 22. Red1 {[%clk 00:27:10]} {[%emt 00:00:10]} Qb6
{[%clk 00:29:17]} {[%emt 00:05:18]} 23. Kh1 {[%clk 00:23:06]} {[%emt 00:04:34]}
Rb8 {[%clk 00:26:38]} {[%emt 00:03:08]} 24. f4 {[%clk 00:17:07]} {[%emt
00:06:30]} e5 {[%clk 00:23:34]} {[%emt 00:03:34]} 25. Nf5 {[%clk 00:14:29]}
{[%emt 00:03:08]} Qxe3 {[%clk 00:23:51]} {[%emt 00:00:12]} 26. Nxe3 {[%clk
00:14:55]} {[%emt 00:00:04]} exf4 {[%clk 00:23:52]} {[%emt 00:00:30]} 27. Nf5
{[%clk 00:12:05]} {[%emt 00:03:20]} Bf6 {[%clk 00:23:36]} {[%emt 00:00:45]} 28.
Nxd6 {[%clk 00:09:36]} {[%emt 00:03:00]} Bxc3 {[%clk 00:21:34]} {[%emt
00:02:32]} 29. bxc3 {[%clk 00:10:01]} {[%emt 00:00:04]} Bd7 {[%clk 00:20:40]}
{[%emt 00:01:24]} 30. Nf5 {[%clk 00:09:04]} {[%emt 00:01:27]} Bxf5 {[%clk
00:19:57]} {[%emt 00:01:13]} 31. gxf5 {[%clk 00:08:56]} {[%emt 00:00:39]} Rxc3
{[%clk 00:18:05]} {[%emt 00:02:22]} 32. Rf1 {[%clk 00:09:17]} {[%emt 00:00:08]}
Rc4 {[%clk 00:13:28]} {[%emt 00:05:07]} 33. Rxf4 {[%clk 00:09:39]} {[%emt
00:00:09]} Re8 {[%clk 00:13:50]} {[%emt 00:00:07]} 34. Re2 {[%clk 00:09:13]}
{[%emt 00:00:55]} a5 {[%clk 00:13:14]} {[%emt 00:01:06]} 35. Kh2 {[%clk
00:08:55]} {[%emt 00:00:48]} a4 {[%clk 00:13:16]} {[%emt 00:00:28]} 36. Kg3
{[%clk 00:08:40]} {[%emt 00:00:44]} Re5 {[%clk 00:11:06]} {[%emt 00:02:40]} 37.
Kf3 {[%clk 00:07:18]} {[%emt 00:01:52]} Rc3+ {[%clk 00:10:43]} {[%emt
00:00:53]} 38. Kf2 {[%clk 00:06:24]} {[%emt 00:01:25]} f6 {[%clk 00:08:07]}
{[%emt 00:03:06]} 39. Rd2 {[%clk 00:04:57]} {[%emt 00:01:56]} Rec5 {[%clk
00:05:32]} {[%emt 00:03:06]} 40. Rf3 {[%clk 00:04:00]} {[%emt 00:01:26]} Kf7
{[%clk 00:02:41]} {[%emt 00:03:23]} 41. Rg3 {[%clk 00:00:36]} {[%emt 00:03:53]}
Rxg3 {[%clk 00:01:29]} {[%emt 00:01:43]} 42. Kxg3 {[%clk 00:00:58]} {[%emt
00:00:06]} Rc3+ {[%clk 00:01:22]} {[%emt 00:00:36]} 43. Kf4 {[%clk 00:30:21]}
{[%emt 00:01:06]} h5 {[%clk 00:28:21]} {[%emt 00:03:32]} 44. g3 {[%clk
00:28:34]} {[%emt 00:02:17]} g5+ {[%clk 00:27:40]} {[%emt 00:01:11]} 45. fxg6+
{[%clk 00:28:55]} {[%emt 00:00:10]} Kxg6 {[%clk 00:27:59]} {[%emt 00:00:11]}
46. Rd4 {[%clk 00:28:38]} {[%emt 00:00:47]} Ra3 {[%clk 00:27:50]} {[%emt
00:00:39]} 47. Rd2 {[%clk 00:29:01]} {[%emt 00:00:07]} Kf7 {[%clk 00:25:53]}
{[%emt 00:02:26]} 48. g4 {[%clk 00:24:20]} {[%emt 00:05:11]} h4 {[%clk
00:24:59]} {[%emt 00:01:24]} 49. e5 {[%clk 00:21:39]} {[%emt 00:03:12]} fxe5+
{[%clk 00:24:00]} {[%emt 00:01:29]} 50. Kxe5 {[%clk 00:22:02]} {[%emt
00:00:06]} h3 {[%clk 00:19:18]} {[%emt 00:05:12]} 51. Kf4 {[%clk 00:21:13]}
{[%emt 00:01:18]} Rc3 {[%clk 00:17:59]} {[%emt 00:01:50]} 52. g5 {[%clk
00:20:04]} {[%emt 00:01:40]} Ke6 {[%clk 00:15:09]} {[%emt 00:03:19]} 53. Kg4
{[%clk 00:18:52]} {[%emt 00:01:41]} Kf7 {[%clk 00:15:18]} {[%emt 00:00:23]} 54.
Rh2 {[%clk 00:17:50]} {[%emt 00:01:30]} Kg6 {[%clk 00:15:42]} {[%emt 00:00:07]}
55. Rxh3 {[%clk 00:17:44]} {[%emt 00:00:37]} Rc4+ {[%clk 00:15:58]} {[%emt
00:00:14]} 56. Kg3 {[%clk 00:17:07]} {[%emt 00:01:05]} Kxg5 {[%clk 00:15:54]}
{[%emt 00:00:36]} 57. Rh2 {[%clk 00:16:51]} {[%emt 00:00:44]} Rc3+ {[%clk
00:16:14]} {[%emt 00:00:12]} 58. Kg2 {[%clk 00:17:18]} {[%emt 00:00:01]} Kg4
{[%clk 00:16:18]} {[%emt 00:00:27]} 59. Kf1 {[%clk 00:16:06]} {[%emt 00:01:41]}
Rc1+ {[%clk 00:15:53]} {[%emt 00:00:56]} 60. Kf2 {[%clk 00:15:49]} {[%emt
00:00:44]} Rc2+ {[%clk 00:15:44]} {[%emt 00:00:42]} 61. Kg1 {[%clk 00:15:57]}
{[%emt 00:00:21]} Rc4 {[%clk 00:13:20]} {[%emt 00:02:54]} 62. Kf2 {[%clk
00:15:17]} {[%emt 00:01:09]} Rc2+ {[%clk 00:12:21]} {[%emt 00:01:31]} 63. Kg1
{[%clk 00:15:41]} {[%emt 00:00:05]} Rc3 {[%clk 00:10:00]} {[%emt 00:02:51]} 64.
Kf2 {[%clk 00:15:12]} {[%emt 00:00:57]} Ra3 {[%clk 00:10:18]} {[%emt 00:00:14]}
65. Ke1 {[%clk 00:15:19]} {[%emt 00:00:23]} Kf4 {[%clk 00:09:35]} {[%emt
00:01:13]} 66. Kd1 {[%clk 00:15:28]} {[%emt 00:00:21]} Ke4 {[%clk 00:09:53]}
{[%emt 00:00:14]} 67. Kc1 {[%clk 00:15:46]} {[%emt 00:00:09]} Kd5 {[%clk
00:10:04]} {[%emt 00:00:21]} 68. Kb2 {[%clk 00:15:57]} {[%emt 00:00:18]} Rg3
{[%clk 00:10:27]} {[%emt 00:00:08]} 69. Rh5+ {[%clk 00:15:53]} {[%emt
00:00:33]} 1/2-1/2

[Event "DVM U20 2023"]
[Site "Magdeburg GER"]
[Date "2023.12.27"]
[Round "1"]
[White "Schröder, Lennart"]
[Black "Ehrig, Leon Chris"]
[Result "1-0"]
[Termination "normal"]
[Board "3.2"]
[WhiteElo "2107"]
[BlackElo "2051"]
[WhiteClock "00:11:13"]
[BlackClock "00:22:18"]
[WhiteTeam "SK Münster 32"]
[BlackTeam "USG Chemnitz"]
[PlyCount "51"]
[WhiteFideId "16222490"]
[BlackFideId "16244796"]
[EventCountry "GER"]
[EventRounds "7"]
[EventType "team-swiss"]
[EventDate "2023.12.26"]

1. d4 {[%clk 01:30:54]} {[%emt 00:00:06]} Nf6 {[%clk 01:30:55]} {[%emt
00:00:05]} 2. c4 {[%clk 01:31:07]} {[%emt 00:00:17]} e6 {[%clk 01:31:18]}
{[%emt 00:00:08]} 3. g3 {[%clk 01:31:23]} {[%emt 00:00:15]} d5 {[%clk
01:31:39]} {[%emt 00:00:09]} 4. Bg2 {[%clk 01:31:43]} {[%emt 00:00:10]} Be7
{[%clk 01:32:05]} {[%emt 00:00:04]} 5. Nf3 {[%clk 01:31:52]} {[%emt 00:00:20]}
O-O {[%clk 01:32:28]} {[%emt 00:00:08]} 6. O-O {[%clk 01:32:14]} {[%emt
00:00:07]} dxc4 {[%clk 01:31:56]} {[%emt 00:01:03]} 7. Qc2 {[%clk 01:32:27]}
{[%emt 00:00:17]} b6 {[%clk 01:30:02]} {[%emt 00:02:24]} 8. Bg5 {[%clk
01:30:44]} {[%emt 00:02:14]} Nd5 {[%clk 01:29:49]} {[%emt 00:00:41]} 9. Bxe7
{[%clk 01:31:06]} {[%emt 00:00:09]} Qxe7 {[%clk 01:30:15]} {[%emt 00:00:04]}
10. Rc1 {[%clk 01:31:28]} {[%emt 00:00:09]} Ba6 {[%clk 01:22:17]} {[%emt
00:08:28]} 11. Nbd2 {[%clk 01:31:44]} {[%emt 00:00:15]} c5 {[%clk 01:15:32]}
{[%emt 00:07:13]} 12. Nxc4 {[%clk 01:24:56]} {[%emt 00:07:19]} cxd4 {[%clk
01:11:20]} {[%emt 00:04:41]} 13. Nxd4 {[%clk 01:09:43]} {[%emt 00:15:45]} Nd7
{[%clk 00:57:42]} {[%emt 00:14:08]} 14. Bxd5 {[%clk 01:02:44]} {[%emt
00:07:29]} exd5 {[%clk 00:58:05]} {[%emt 00:00:06]} 15. Ne3 {[%clk 01:02:57]}
{[%emt 00:00:17]} Nf6 {[%clk 00:55:08]} {[%emt 00:03:27]} 16. Qf5 {[%clk
00:52:59]} {[%emt 00:10:28]} Qb4 {[%clk 00:46:45]} {[%emt 00:08:52]} 17. Qf4
{[%clk 00:36:09]} {[%emt 00:17:22]} Bc8 {[%clk 00:37:12]} {[%emt 00:10:02]} 18.
Rc6 {[%clk 00:26:42]} {[%emt 00:09:57]} Ne4 {[%clk 00:34:42]} {[%emt 00:03:01]}
19. Rd1 {[%clk 00:20:34]} {[%emt 00:06:38]} Be6 {[%clk 00:30:44]} {[%emt
00:04:28]} 20. f3 {[%clk 00:17:00]} {[%emt 00:04:03]} Bd7 {[%clk 00:26:31]}
{[%emt 00:04:43]} 21. fxe4 {[%clk 00:15:48]} {[%emt 00:01:42]} Bxc6 {[%clk
00:26:46]} {[%emt 00:00:13]} 22. Nxc6 {[%clk 00:15:59]} {[%emt 00:00:19]} Qxb2
{[%clk 00:23:46]} {[%emt 00:03:31]} 23. exd5 {[%clk 00:14:21]} {[%emt
00:02:08]} Qxe2 {[%clk 00:24:01]} {[%emt 00:00:15]} 24. d6 {[%clk 00:12:14]}
{[%emt 00:02:37]} Qxa2 {[%clk 00:23:13]} {[%emt 00:01:18]} 25. d7 {[%clk
00:12:06]} {[%emt 00:00:38]} Qe6 {[%clk 00:22:18]} {[%emt 00:01:24]} 26. Rd6
{[%clk 00:11:13]} {[%emt 00:01:24]} 1-0

[Event "DVM U20 2023"]
[Site "Magdeburg GER"]
[Date "2023.12.27"]
[Round "1"]
[White "Friedland, Manfred"]
[Black "Kamp, Adrian"]
[Result "0-1"]
[Termination "normal"]
[Board "3.3"]
[WhiteElo "1770"]
[BlackElo "2042"]
[WhiteClock "00:03:26"]
[BlackClock "00:11:56"]
[WhiteTeam "USG Chemnitz"]
[BlackTeam "SK Münster 32"]
[PlyCount "68"]
[WhiteFideId "16240251"]
[BlackFideId "16222466"]
[EventCountry "GER"]
[EventRounds "7"]
[EventType "team-swiss"]
[EventDate "2023.12.26"]

1. e4 {[%clk 01:30:57]} {[%emt 00:00:02]} c5 {[%clk 01:30:43]} {[%emt
00:00:19]} 2. Nf3 {[%clk 01:31:22]} {[%emt 00:00:04]} Nc6 {[%clk 01:30:56]}
{[%emt 00:00:18]} 3. Bc4 {[%clk 01:31:36]} {[%emt 00:00:15]} g6 {[%clk
01:30:30]} {[%emt 00:00:56]} 4. c3 {[%clk 01:31:27]} {[%emt 00:00:40]} Bg7
{[%clk 01:29:25]} {[%emt 00:01:35]} 5. d4 {[%clk 01:27:30]} {[%emt 00:04:28]}
cxd4 {[%clk 01:24:21]} {[%emt 00:05:32]} 6. Bb3 {[%clk 01:24:43]} {[%emt
00:03:17]} dxc3 {[%clk 01:19:05]} {[%emt 00:05:45]} 7. Nxc3 {[%clk 01:24:13]}
{[%emt 00:01:00]} d6 {[%clk 01:18:54]} {[%emt 00:00:42]} 8. O-O {[%clk
01:19:50]} {[%emt 00:04:53]} Nf6 {[%clk 01:15:11]} {[%emt 00:04:12]} 9. Qe2
{[%clk 01:03:46]} {[%emt 00:16:34]} Bg4 {[%clk 01:11:05]} {[%emt 00:04:37]} 10.
Rd1 {[%clk 01:00:02]} {[%emt 00:04:14]} O-O {[%clk 01:07:53]} {[%emt 00:03:42]}
11. h3 {[%clk 00:59:58]} {[%emt 00:00:33]} Bxf3 {[%clk 01:06:58]} {[%emt
00:01:26]} 12. Qxf3 {[%clk 01:00:18]} {[%emt 00:00:10]} Nd7 {[%clk 00:58:02]}
{[%emt 00:09:25]} 13. Be3 {[%clk 00:53:43]} {[%emt 00:07:04]} Na5 {[%clk
00:54:12]} {[%emt 00:04:22]} 14. Bc2 {[%clk 00:49:52]} {[%emt 00:04:21]} Nc4
{[%clk 00:53:22]} {[%emt 00:01:20]} 15. Bc1 {[%clk 00:44:42]} {[%emt 00:05:40]}
Rc8 {[%clk 00:50:02]} {[%emt 00:03:50]} 16. Bb3 {[%clk 00:43:36]} {[%emt
00:01:35]} a6 {[%clk 00:43:02]} {[%emt 00:07:31]} 17. a4 {[%clk 00:31:16]}
{[%emt 00:12:51]} Nde5 {[%clk 00:37:27]} {[%emt 00:06:04]} 18. Qg3 {[%clk
00:29:18]} {[%emt 00:02:28]} Re8 {[%clk 00:34:31]} {[%emt 00:03:27]} 19. Kh1
{[%clk 00:29:27]} {[%emt 00:00:20]} Qa5 {[%clk 00:30:19]} {[%emt 00:04:42]} 20.
f4 {[%clk 00:19:15]} {[%emt 00:10:44]} Nd7 {[%clk 00:30:23]} {[%emt 00:00:24]}
21. e5 {[%clk 00:10:41]} {[%emt 00:09:03]} Ndb6 {[%clk 00:28:35]} {[%emt
00:02:20]} 22. Ne4 {[%clk 00:09:56]} {[%emt 00:01:15]} dxe5 {[%clk 00:27:35]}
{[%emt 00:01:29]} 23. f5 {[%clk 00:08:53]} {[%emt 00:01:34]} Rcd8 {[%clk
00:22:20]} {[%emt 00:05:45]} 24. Rxd8 {[%clk 00:08:22]} {[%emt 00:01:00]} Rxd8
{[%clk 00:22:40]} {[%emt 00:00:11]} 25. Bg5 {[%clk 00:07:06]} {[%emt 00:01:46]}
Qb4 {[%clk 00:22:14]} {[%emt 00:00:57]} 26. f6 {[%clk 00:06:51]} {[%emt
00:00:43]} exf6 {[%clk 00:21:32]} {[%emt 00:01:12]} 27. Nxf6+ {[%clk 00:06:52]}
{[%emt 00:00:29]} Bxf6 {[%clk 00:20:07]} {[%emt 00:01:56]} 28. Bxf6 {[%clk
00:07:16]} {[%emt 00:00:07]} Re8 {[%clk 00:16:54]} {[%emt 00:03:42]} 29. a5
{[%clk 00:04:35]} {[%emt 00:03:10]} Nd7 {[%clk 00:14:54]} {[%emt 00:02:30]} 30.
Ra4 {[%clk 00:04:22]} {[%emt 00:00:45]} Qb5 {[%clk 00:14:24]} {[%emt 00:00:59]}
31. Bg5 {[%clk 00:04:04]} {[%emt 00:00:47]} Nd6 {[%clk 00:14:10]} {[%emt
00:00:44]} 32. Rg4 {[%clk 00:03:01]} {[%emt 00:01:34]} Nf5 {[%clk 00:12:22]}
{[%emt 00:02:18]} 33. Qf3 {[%clk 00:03:12]} {[%emt 00:00:18]} Nc5 {[%clk
00:11:48]} {[%emt 00:01:05]} 34. Qxf5 {[%clk 00:03:26]} {[%emt 00:00:15]} gxf5
{[%clk 00:11:56]} {[%emt 00:00:22]} 0-1

[Event "DVM U20 2023"]
[Site "Magdeburg GER"]
[Date "2023.12.27"]
[Round "1"]
[White "Meyer, Emil"]
[Black "Mehner, Lorenz"]
[Result "1-0"]
[Termination "normal"]
[Board "3.4"]
[WhiteElo "1919"]
[BlackElo "1825"]
[WhiteClock "00:22:48"]
[BlackClock "00:00:31"]
[WhiteTeam "SK Münster 32"]
[BlackTeam "USG Chemnitz"]
[PlyCount "69"]
[WhiteFideId "34625771"]
[BlackFideId "16293096"]
[EventCountry "GER"]
[EventRounds "7"]
[EventType "team-swiss"]
[EventDate "2023.12.26"]

1. e4 {[%clk 01:30:57]} {[%emt 00:00:03]} c5 {[%clk 01:30:51]} {[%emt
00:00:09]} 2. Nf3 {[%clk 01:31:22]} {[%emt 00:00:04]} d6 {[%clk 01:31:13]}
{[%emt 00:00:08]} 3. d4 {[%clk 01:31:48]} {[%emt 00:00:04]} cxd4 {[%clk
01:31:32]} {[%emt 00:00:11]} 4. Nxd4 {[%clk 01:32:14]} {[%emt 00:00:05]} Nf6
{[%clk 01:31:52]} {[%emt 00:00:10]} 5. Nc3 {[%clk 01:32:39]} {[%emt 00:00:05]}
g6 {[%clk 01:32:14]} {[%emt 00:00:09]} 6. Be3 {[%clk 01:33:04]} {[%emt
00:00:04]} Bg7 {[%clk 01:32:36]} {[%emt 00:00:08]} 7. f3 {[%clk 01:33:31]}
{[%emt 00:00:03]} O-O {[%clk 01:32:52]} {[%emt 00:00:14]} 8. Qd2 {[%clk
01:33:58]} {[%emt 00:00:04]} Nc6 {[%clk 01:33:05]} {[%emt 00:00:16]} 9. O-O-O
{[%clk 01:34:23]} {[%emt 00:00:05]} d5 {[%clk 01:30:14]} {[%emt 00:03:22]} 10.
exd5 {[%clk 01:34:45]} {[%emt 00:00:07]} Nxd5 {[%clk 01:30:25]} {[%emt
00:00:19]} 11. Nxc6 {[%clk 01:35:09]} {[%emt 00:00:05]} bxc6 {[%clk 01:30:43]}
{[%emt 00:00:12]} 12. Bd4 {[%clk 01:35:36]} {[%emt 00:00:05]} e5 {[%clk
01:13:13]} {[%emt 00:17:59]} 13. Bc5 {[%clk 01:35:34]} {[%emt 00:00:31]} Be6
{[%clk 01:11:36]} {[%emt 00:02:07]} 14. Bc4 {[%clk 01:35:18]} {[%emt 00:00:47]}
Nxc3 {[%clk 01:05:44]} {[%emt 00:06:22]} 15. Qxc3 {[%clk 01:33:01]} {[%emt
00:02:46]} Qg5+ {[%clk 01:00:54]} {[%emt 00:05:20]} 16. Be3 {[%clk 01:30:00]}
{[%emt 00:03:31]} Qe7 {[%clk 00:55:25]} {[%emt 00:06:00]} 17. Bb3 {[%clk
01:11:15]} {[%emt 00:19:14]} Bxb3 {[%clk 00:44:12]} {[%emt 00:11:43]} 18. axb3
{[%clk 01:11:06]} {[%emt 00:00:38]} Qe6 {[%clk 00:31:53]} {[%emt 00:12:50]} 19.
Qa5 {[%clk 01:01:03]} {[%emt 00:10:33]} e4 {[%clk 00:22:45]} {[%emt 00:09:38]}
20. f4 {[%clk 00:54:04]} {[%emt 00:07:29]} Qf6 {[%clk 00:18:20]} {[%emt
00:04:56]} 21. c3 {[%clk 00:53:32]} {[%emt 00:01:01]} Rfb8 {[%clk 00:14:00]}
{[%emt 00:04:48]} 22. b4 {[%clk 00:46:09]} {[%emt 00:07:56]} Rb5 {[%clk
00:03:49]} {[%emt 00:10:40]} 23. Qc7 {[%clk 00:45:01]} {[%emt 00:01:38]} Rd5
{[%clk 00:02:18]} {[%emt 00:02:01]} 24. Rxd5 {[%clk 00:35:59]} {[%emt
00:09:31]} cxd5 {[%clk 00:02:43]} {[%emt 00:00:06]} 25. Rd1 {[%clk 00:36:03]}
{[%emt 00:00:26]} Rd8 {[%clk 00:02:09]} {[%emt 00:01:04]} 26. Bxa7 {[%clk
00:34:42]} {[%emt 00:01:52]} Qd6 {[%clk 00:01:10]} {[%emt 00:01:29]} 27. Qxd6
{[%clk 00:34:33]} {[%emt 00:00:39]} Rxd6 {[%clk 00:01:38]} {[%emt 00:00:03]}
28. b5 {[%clk 00:34:51]} {[%emt 00:00:11]} Rd7 {[%clk 00:00:59]} {[%emt
00:01:09]} 29. Be3 {[%clk 00:34:57]} {[%emt 00:00:23]} f5 {[%clk 00:00:52]}
{[%emt 00:00:39]} 30. Kc2 {[%clk 00:29:31]} {[%emt 00:05:56]} Kf7 {[%clk
00:00:43]} {[%emt 00:00:38]} 31. Bd4 {[%clk 00:22:44]} {[%emt 00:07:17]} Bf8
{[%clk 00:00:45]} {[%emt 00:00:28]} 32. Ra1 {[%clk 00:22:53]} {[%emt 00:00:20]}
Ke6 {[%clk 00:00:41]} {[%emt 00:00:35]} 33. Ra6+ {[%clk 00:22:38]} {[%emt
00:00:44]} Rd6 {[%clk 00:00:37]} {[%emt 00:00:35]} 34. b6 {[%clk 00:22:30]}
{[%emt 00:00:38]} Kd7 {[%clk 00:00:31]} {[%emt 00:00:36]} 35. Ra8 {[%clk
00:22:48]} {[%emt 00:00:11]} 1-0